S21 駅名クイズ - 阪神電車 ver. - Statistics

General Stats
  • This quiz has been taken 157 times
  • The average score is 41 of 55
Answer Stats
Number Answer % Correct
HS01 大阪梅田
99%
HS09 尼崎
99%
HS09 尼崎
99%
HS03 野田
96%
HS48
95%
HS32 神戸三宮
94%
HS12 武庫川
92%
HS12 武庫川
92%
HS14 甲子園
91%
HS41 大阪難波
91%
HS02 福島
90%
HS17 西宮
89%
HS35 高速神戸
89%
HS08 大物
88%
HS36 新開地
88%
HS45 西九条
88%
HS08 大物
88%
HS33 元町
87%
HS33 元町
87%
HS20 芦屋
84%
HS44 九条
83%
HS11 尼崎センタープール前
82%
HS25 御影
80%
HS23 魚崎
77%
HS42 桜川
77%
HS43 ドーム前
77%
HS31 春日野道
76%
HS04 淀川
75%
HS16 今津
75%
HS51 武庫川団地前
75%
HS39 西代
73%
HS38 高速長田
72%
HS47 伝法
72%
HS34 西元町
70%
HS49 出来島
70%
HS06 千船
69%
HS05 姫島
66%
HS13 鳴尾・武庫川女子大前
66%
HS22 青木
66%
HS37 大開
66%
HS07 杭瀬
65%
HS26 石屋川
65%
HS46 千鳥橋
63%
HS18 香櫨園
62%
HS10 出屋敷
61%
HS29 西灘
57%
HS30 岩屋
57%
HS24 住吉
54%
HS15 久寿川
53%
HS28 大石
53%
HS52 洲先
52%
HS19 打出
49%
HS21 深江
49%
HS27 新在家
47%
HS53 東鳴尾
47%
No matching quizzes found
Score Distribution
Percent of People with Each Score
Percentile by Number Answered
Your Score History
You have not taken this quiz